000 00459nam a2200157 i 4500
001 22424
003 ES-MaACL
005 20230906152708.0
007 t|
008 021202s1971 sp ||||1| spa d
100 1 _aAlonso García, Jorge.
_920322
245 1 3 _aUn barco anclado en el cielo /
_cnovela por Jorge Alonso García.
260 _a[Valladolid :
_bs.n.,
_c1971] (
_fImp. Lozano)
300 _a105 p. ;
_c19 cm.
852 _aES-MaACL
_jC-47049
_bR.77752
999 _c22424
_d22424